Statistics for Barnsley Premier League XIs

Click here to take the quiz!

General Stats

  • This quiz has been taken 22 times
  • The average score is 3 of 11

Answer Stats

Answer% Correct
Neil Redfearn
72%
Ashley Ward
44%
David Watson
33%
Nicky Eaden
33%
Adie Moses
28%
Darren Sheridan
22%
Arjan de Zeeuw
17%
Martin Bullock
17%
Darren Barnard
11%
Eric Tinkler
6%
Andy Liddell
0%

Score Distribution

Percentile by Number Answered

Percent of People with Each Score

Your Score History

You have not taken this quiz